| 000 | 00684nam a22002057a 4500 | ||
|---|---|---|---|
| 003 | OSt | ||
| 005 | 20250704080504.0 | ||
| 008 | 250704b |||||||| |||| 00| 0 eng d | ||
| 020 | _a978-621-478-057-0 | ||
| 040 |
_aDWC-Main Lib _cOC |
||
| 082 | _aFil. 658 M188m 2024 | ||
| 100 | _aMagpantay, Don M. | ||
| 245 |
_aManagement science for business and accountancy/ _cDon M. Magpantay & Augusto R. Matias |
||
| 260 |
_aManila, Philippines: _b EDRIC Publishing House, _cc2024 |
||
| 300 |
_a160 pages: _billustrations; _c25 cm |
||
| 504 | _aIncludes bibliographical references and appendix. | ||
| 650 | _a1. Management. | ||
| 700 | _aMatias, Augusto R. | ||
| 942 |
_2ddc _cBK - FIL _kFil. _n0 |
||
| 999 |
_c3400 _d3400 |
||